00505nam a22001697a 450000500170000001000140001702000260003103500130005703700130007008200100008310000200009324500650011326000400017827000550021830000220027350000400029520100810101138.0 aENG-99246 a9788190833721c100.00 aEN-82778 bDBAD/PUB a633.1 aSwarnalatha, R. aPaddy - the major foodgrain of Tamilnaducby R. Swaranalatha aChennaibK. V. P. Publicationc2008 aNo: 102, Dharga Road Zamin PallavarambChennaie43 a133p.c20cm (pbk) aIncludes bibliographical references